000 00537nam a2200205Ia 4500
008 151119s9999||||xx |||||||||||||| ||und||
082 _a891.463
082 _bGKKV34420
100 _aदात्ये ग वि
245 _aदोघी
260 _aपुणे
260 _bचिरानि प्रकाशन
260 _c2005
300 _a298p.
600 _aदात्ये ग वि
630 _aदोघी
700 _aदात्ये ग वि
730 _aदोघी
942 _cBOOK
999 _c1086713
_d1086710